000
00308nam a22001457a 4500
008
231012b ||||| |||| 00| 0 eng d
020
_a
0934235139
041
_a
eng
080
_2
VOLUME 1.2.3.5
_a
94
082
_a
94OSI
100
_a
30
101
_a
HIST
245
_a
OSIRIS
_c
OSIRIS
942
_2
udc
_c
BK
999
_c
60432
_d
60432